| 000 | 00432nam a22001577a 4500 | ||
|---|---|---|---|
| 005 | 20230301095247.0 | ||
| 040 | _curs | ||
| 050 | _aHF 5415 B47 1989 sg | ||
| 100 |
_93938 _aBerkowitz, Erik N. _eauthor |
||
| 245 |
_aStudy guide to accompany marketing _cErik N. Berkowitz |
||
| 336 |
_2rdacontent _atext _btxt |
||
| 337 |
_2rdamedia _aunmediated _bn |
||
| 338 |
_2rdacarrier _avolume _bnc |
||
| 650 | 0 |
_9217 _aMarketing. |
|
| 942 |
_2lcc _cFR |
||
| 999 |
_c68332 _d68332 |
||